000 00681nam a22002417i 4500
003 DO-SdBNP
005 20250320102311.0
007 ta
008 250320b1985 ||||| |||| 00| 0 spa d
040 _aDO-SdBNP
_bspa
_cBNPHU
_erda
041 _hspa
082 _a862.44
_bC744t
_222
245 _aConcurso de teatro de Casa de Teatro 1983
264 _aSanto Domingo :
_bCasa de Teatro,
_c1985
300 _a587 paginas ;
_c22 cm
336 _2rdacontent
_atexto
_btxt
337 _2rdamedia
_asin mediación
_bn
338 _2rdacarrier
_avolumen
_bnc
590 _aInventariado, 2025 / DG
650 4 _aTeatro dominicano
_977668
_xColecciones
910 _aDG
942 _2ddc
_cLBS1
999 _c58497
_d58497